000
00335nam a22001457a 4500
020
_a
9788186099926
041
_a
ENG
100
_a
Katyayan Arun
245
_a
Fundamentals of Agriculture Vol -2
250
_a
2
260
_a
Varanasi
_b
Kushal publiactions
_c
2019
300
_a
539
650
_a
Banking
856
_u
Competitive Exam
999
_c
143
_d
143